<?xml version="1.0" encoding="UTF-8"?>
<record
    xmlns:xsi="http://www.w3.org/2001/XMLSchema-instance"
    xsi:schemaLocation="http://www.loc.gov/MARC21/slim http://www.loc.gov/standards/marcxml/schema/MARC21slim.xsd"
    xmlns="http://www.loc.gov/MARC21/slim">

  <leader>02889cam a2200457Ia 4500</leader>
  <datafield tag="999" ind1=" " ind2=" ">
    <subfield code="c">6869</subfield>
    <subfield code="d">6869</subfield>
  </datafield>
  <controlfield tag="001">7348512</controlfield>
  <controlfield tag="003">OCoLC</controlfield>
  <controlfield tag="005">20190121123340.0</controlfield>
  <controlfield tag="008">810420m19659999miu      b    001 0 eng d</controlfield>
  <datafield tag="035" ind1=" " ind2=" ">
    <subfield code="a">(OCoLC)7348512</subfield>
  </datafield>
  <datafield tag="040" ind1=" " ind2=" ">
    <subfield code="a">WTS</subfield>
    <subfield code="c">WTS</subfield>
    <subfield code="d">VFY</subfield>
    <subfield code="d">OCL</subfield>
    <subfield code="d">MZN</subfield>
    <subfield code="d">OCoLC</subfield>
  </datafield>
  <datafield tag="082" ind1=" " ind2=" ">
    <subfield code="a">REF 220.7</subfield>
    <subfield code="b">H318N</subfield>
  </datafield>
  <datafield tag="090" ind1=" " ind2=" ">
    <subfield code="a">BS491.2</subfield>
    <subfield code="b">.N48</subfield>
  </datafield>
  <datafield tag="245" ind1="0" ind2="4">
    <subfield code="a">The new international commentary on the Old Testament /</subfield>
    <subfield code="c">R.K. Harrison, Robert L. Hubbard, Jr., general eds</subfield>
  </datafield>
  <datafield tag="246" ind1="3" ind2=" ">
    <subfield code="a">New international commentary </subfield>
  </datafield>
  <datafield tag="260" ind1=" " ind2=" ">
    <subfield code="a">Grand Rapids :</subfield>
    <subfield code="b">Eerdmans,</subfield>
    <subfield code="c">1965-</subfield>
  </datafield>
  <datafield tag="300" ind1=" " ind2=" ">
    <subfield code="a">v. ;</subfield>
    <subfield code="c">22 cm</subfield>
  </datafield>
  <datafield tag="504" ind1=" " ind2=" ">
    <subfield code="a">Includes bibliographical references and indexes</subfield>
  </datafield>
  <datafield tag="505" ind1="0" ind2=" ">
    <subfield code="a">[v. 1a] The book of Genesis chapters 1-17 /Victor P. Hamilton -- [v. 1b] The book of Genesis chapters 18-50 / Victor P. Hamilton -- [v. 3] The book of Leviticus / Gordon J. Wenham -- [v. 4] The book of Numbers / Timothy R. Ashley -- [v. 5] The book of Deuteronomy / Peter C. Craigie -- [v. 6] The book of Joshua / Marten H. Woudstra -- [v. 7] The book of Judges / Barry G. Webb -- [v. 8] The book of Ruth / Robert L. Hubbard Jr. -- [V. 9] The first book of Samuel / David Toshio Tsumura -- [v. 15] The books of Ezra and Nehemiah / F. Charles Fensham -- [v. 18] The book of Job / John E. Hartley -- [v.20a] The Book of Proverbs Chapters 1-15 / Bruce K. Waltke -- [v.20b] The book of Proverbs Chapters 15-31 / Bruce K. Waltke -- [v. 21] The book of Ecclesiastes / Tremper Longman III -- [v.22] Song of Songs / Tremper Longman III -- [v. 23a] The book of Isaiah chapters 1-39 / John N.Oswalt -- [v. 23b] The book of Isaiah chapters 40-66 / John N. Oswalt -- [v. 24] The book of Jeremiah / J. A. Thompson -- [v. 26a] The book of Ezekiel chapters 1-24 / Daniel I. Block -- [v. 26b] The book of Ezekiel chapters 25-48 / Daniel I. Block -- [v.28] The book of Hosea / J.Andrew Dearman -- [v. 29] The books of Joel, Obadiah, Jonah, and Micah / Leslie C. Allen -- [v. 34] The books of Nahum, Habakkuk, and Zephaniah / O. Palmer Robertson -- [v. 37] The books of Haggai and Malachi / Pieter A. Verhoef</subfield>
  </datafield>
  <datafield tag="630" ind1="0" ind2="0">
    <subfield code="a">Bible.</subfield>
    <subfield code="v">Commentaries</subfield>
  </datafield>
  <datafield tag="630" ind1="0" ind2="0">
    <subfield code="a">Bible.</subfield>
    <subfield code="p">Old Testament</subfield>
    <subfield code="v">Commentaries</subfield>
  </datafield>
  <datafield tag="700" ind1="1" ind2=" ">
    <subfield code="a">Allen, Leslie C</subfield>
  </datafield>
  <datafield tag="700" ind1="1" ind2=" ">
    <subfield code="a">Ashley, Timothy R.,</subfield>
    <subfield code="d">1947-</subfield>
  </datafield>
  <datafield tag="700" ind1="1" ind2=" ">
    <subfield code="a">Block, Daniel I. (Daniel Isaac),</subfield>
    <subfield code="d">1943-</subfield>
  </datafield>
  <datafield tag="700" ind1="1" ind2=" ">
    <subfield code="a">Dearman, J. Andrew</subfield>
    <subfield code="q">(John Andrew),</subfield>
    <subfield code="d">1951-</subfield>
  </datafield>
  <datafield tag="700" ind1="1" ind2=" ">
    <subfield code="a">Fensham, F. Charles (Frank Charles),</subfield>
    <subfield code="d">1925-</subfield>
  </datafield>
  <datafield tag="700" ind1="1" ind2=" ">
    <subfield code="a">Hamilton, Victor P</subfield>
  </datafield>
  <datafield tag="700" ind1="1" ind2=" ">
    <subfield code="a">Harrison, R. K.</subfield>
    <subfield code="q">(Roland Kenneth)</subfield>
  </datafield>
  <datafield tag="700" ind1="1" ind2=" ">
    <subfield code="a">Hubbard, Robert L.,</subfield>
    <subfield code="d">1943-</subfield>
  </datafield>
  <datafield tag="700" ind1="1" ind2=" ">
    <subfield code="a">Longman, Tremper</subfield>
  </datafield>
  <datafield tag="700" ind1="1" ind2=" ">
    <subfield code="a">Oswalt, John N.,</subfield>
    <subfield code="d">1940-</subfield>
  </datafield>
  <datafield tag="700" ind1="1" ind2=" ">
    <subfield code="a">Robertson, O. Palmer</subfield>
  </datafield>
  <datafield tag="700" ind1="1" ind2=" ">
    <subfield code="a">Thompson, J. A. (John Arthur),</subfield>
    <subfield code="d">1913-</subfield>
  </datafield>
  <datafield tag="700" ind1="1" ind2=" ">
    <subfield code="a">Verhoef, Pieter A</subfield>
  </datafield>
  <datafield tag="700" ind1="1" ind2=" ">
    <subfield code="a">Waltke, Bruce K.</subfield>
  </datafield>
  <datafield tag="700" ind1="1" ind2=" ">
    <subfield code="a">Hartley, John E</subfield>
  </datafield>
  <datafield tag="700" ind1="1" ind2=" ">
    <subfield code="a">Wenham, Gordon J</subfield>
  </datafield>
  <datafield tag="700" ind1="1" ind2=" ">
    <subfield code="a">Webb, Barry G</subfield>
  </datafield>
  <datafield tag="700" ind1="1" ind2=" ">
    <subfield code="a">Woudstra, Marten H</subfield>
  </datafield>
  <datafield tag="942" ind1=" " ind2=" ">
    <subfield code="2">ddc</subfield>
    <subfield code="c">REF</subfield>
  </datafield>
  <datafield tag="952" ind1=" " ind2=" ">
    <subfield code="0">0</subfield>
    <subfield code="1">0</subfield>
    <subfield code="2">ddc</subfield>
    <subfield code="4">0</subfield>
    <subfield code="7">1</subfield>
    <subfield code="8">REF</subfield>
    <subfield code="a">HMC</subfield>
    <subfield code="b">HMC</subfield>
    <subfield code="c">REF</subfield>
    <subfield code="d">2019-01-21</subfield>
    <subfield code="g">2560.00</subfield>
    <subfield code="h">The Book Of Ruth</subfield>
    <subfield code="l">0</subfield>
    <subfield code="o">REF 220.7 H318N</subfield>
    <subfield code="p">007702</subfield>
    <subfield code="r">2019-01-21 00:00:00</subfield>
    <subfield code="w">2019-01-21</subfield>
    <subfield code="y">REF</subfield>
  </datafield>
  <datafield tag="952" ind1=" " ind2=" ">
    <subfield code="0">0</subfield>
    <subfield code="1">0</subfield>
    <subfield code="2">ddc</subfield>
    <subfield code="4">0</subfield>
    <subfield code="7">1</subfield>
    <subfield code="8">REF</subfield>
    <subfield code="a">HMC</subfield>
    <subfield code="b">HMC</subfield>
    <subfield code="c">REF</subfield>
    <subfield code="d">2019-01-21</subfield>
    <subfield code="g">2560.00</subfield>
    <subfield code="h">The Book Of Deuteronomy</subfield>
    <subfield code="l">0</subfield>
    <subfield code="o">REF 220.7 H318N</subfield>
    <subfield code="p">007703</subfield>
    <subfield code="r">2019-01-21 00:00:00</subfield>
    <subfield code="w">2019-01-21</subfield>
    <subfield code="y">REF</subfield>
  </datafield>
  <datafield tag="952" ind1=" " ind2=" ">
    <subfield code="0">0</subfield>
    <subfield code="1">0</subfield>
    <subfield code="2">ddc</subfield>
    <subfield code="4">0</subfield>
    <subfield code="7">1</subfield>
    <subfield code="8">REF</subfield>
    <subfield code="a">HMC</subfield>
    <subfield code="b">HMC</subfield>
    <subfield code="c">REF</subfield>
    <subfield code="d">2019-01-21</subfield>
    <subfield code="g">2560.00</subfield>
    <subfield code="h">The Book Of Joel, Obadiah, Jonah and Micah</subfield>
    <subfield code="l">0</subfield>
    <subfield code="o">REF 220.7 H318N</subfield>
    <subfield code="p">007704</subfield>
    <subfield code="r">2019-01-21 00:00:00</subfield>
    <subfield code="w">2019-01-21</subfield>
    <subfield code="y">REF</subfield>
  </datafield>
  <datafield tag="952" ind1=" " ind2=" ">
    <subfield code="0">0</subfield>
    <subfield code="1">0</subfield>
    <subfield code="2">ddc</subfield>
    <subfield code="4">0</subfield>
    <subfield code="7">1</subfield>
    <subfield code="8">REF</subfield>
    <subfield code="a">HMC</subfield>
    <subfield code="b">HMC</subfield>
    <subfield code="c">REF</subfield>
    <subfield code="d">2019-01-21</subfield>
    <subfield code="g">2560.00</subfield>
    <subfield code="h">The Book Of Ezra and Nehemiah</subfield>
    <subfield code="l">0</subfield>
    <subfield code="o">REF 220.7 H318N</subfield>
    <subfield code="p">007705</subfield>
    <subfield code="r">2019-01-21 00:00:00</subfield>
    <subfield code="w">2019-01-21</subfield>
    <subfield code="y">REF</subfield>
  </datafield>
  <datafield tag="952" ind1=" " ind2=" ">
    <subfield code="0">0</subfield>
    <subfield code="1">0</subfield>
    <subfield code="2">ddc</subfield>
    <subfield code="4">0</subfield>
    <subfield code="7">1</subfield>
    <subfield code="8">REF</subfield>
    <subfield code="a">HMC</subfield>
    <subfield code="b">HMC</subfield>
    <subfield code="c">REF</subfield>
    <subfield code="d">2019-01-21</subfield>
    <subfield code="g">2560.00</subfield>
    <subfield code="h">The Book Of Haggai and Malachi</subfield>
    <subfield code="l">0</subfield>
    <subfield code="o">REF 220.7 H318N</subfield>
    <subfield code="p">007706</subfield>
    <subfield code="r">2019-01-21 00:00:00</subfield>
    <subfield code="w">2019-01-21</subfield>
    <subfield code="y">REF</subfield>
  </datafield>
  <datafield tag="952" ind1=" " ind2=" ">
    <subfield code="0">0</subfield>
    <subfield code="1">0</subfield>
    <subfield code="2">ddc</subfield>
    <subfield code="4">0</subfield>
    <subfield code="7">1</subfield>
    <subfield code="8">REF</subfield>
    <subfield code="a">HMC</subfield>
    <subfield code="b">HMC</subfield>
    <subfield code="c">REF</subfield>
    <subfield code="d">2019-01-21</subfield>
    <subfield code="g">2560.00</subfield>
    <subfield code="h">The Book Of Job</subfield>
    <subfield code="l">0</subfield>
    <subfield code="o">REF 220.7 H318N</subfield>
    <subfield code="p">007707</subfield>
    <subfield code="r">2019-01-21 00:00:00</subfield>
    <subfield code="w">2019-01-21</subfield>
    <subfield code="y">REF</subfield>
  </datafield>
  <datafield tag="952" ind1=" " ind2=" ">
    <subfield code="0">0</subfield>
    <subfield code="1">0</subfield>
    <subfield code="2">ddc</subfield>
    <subfield code="4">0</subfield>
    <subfield code="7">1</subfield>
    <subfield code="8">REF</subfield>
    <subfield code="a">HMC</subfield>
    <subfield code="b">HMC</subfield>
    <subfield code="c">REF</subfield>
    <subfield code="d">2019-01-21</subfield>
    <subfield code="g">2560.00</subfield>
    <subfield code="h">The Book Of Joshua</subfield>
    <subfield code="l">0</subfield>
    <subfield code="o">REF 220.7 H318N</subfield>
    <subfield code="p">007816</subfield>
    <subfield code="r">2019-01-21 00:00:00</subfield>
    <subfield code="w">2019-01-21</subfield>
    <subfield code="y">REF</subfield>
  </datafield>
</record>
